| 000 | 00963nac a22002291u 4500 | ||
|---|---|---|---|
| 010 | _a 2004109048 | ||
| 020 | _a3540224521 | ||
| 035 | _a(CStRLIN)CUBGGLAD185397152-B | ||
| 035 | _a(CU)GLAD185397152 | ||
| 082 | 0 | 0 |
_a620.5 _bF158 |
| 090 |
_c2725 _d2725 |
||
| 100 | _a20080729 | ||
| 245 | 0 | 0 |
_aNanotechnology and nanoelectronics : _bmaterials, devices, measurement techniques / _cW.R. Fahrner (editor). |
| 260 |
_aBerlin ; _aNew York : _bSpringer-Verlag,2005. _c2005 |
||
| 300 |
_axvi, 269 p. : _bill. ; _c24 cm. |
||
| 504 | _aIncludes bibliographical references (p. [239]-260) and index. | ||
| 650 | 0 | _aNanotechnology. | |
| 700 | 1 |
_aFahrner, W. R. _q(Wolfgang R.) |
|
| 856 | 4 | 1 |
_3Table of contents _uhttp://www.loc.gov/catdir/toc/fy054/2004109048.html |
| 942 |
_cBB _k620.5 F158 |
||
| 999 |
_c2725 _d2725 |
||